Madu lebah : (Record no. 2686)
[ view plain ]
| 000 -LEADER | |
|---|---|
| fixed length control field | nam a22 a 4500 |
| 003 - CONTROL NUMBER IDENTIFIER | |
| control field | AKMAL |
| 005 - DATE AND TIME OF LATEST TRANSACTION | |
| control field | 20170517151857.0 |
| 008 - FIXED-LENGTH DATA ELEMENTS--GENERAL INFORMATION | |
| fixed length control field | 170517s1994 my e b 000 0 may d |
| 020 ## - INTERNATIONAL STANDARD BOOK NUMBER | |
| International Standard Book Number | 9839017683 (kkt.) : |
| Terms of availability | RM10.00 |
| 040 ## - CATALOGING SOURCE | |
| Original cataloging agency | AKMAL |
| Transcribing agency | AKMAL |
| 082 04 - DEWEY DECIMAL CLASSIFICATION NUMBER | |
| Classification number | 638.1 AHM |
| Edition number | 22 |
| 090 00 - LOCALLY ASSIGNED LC-TYPE CALL NUMBER (OCLC); LOCAL CALL NUMBER (RLIN) | |
| Classification number (OCLC) (R) ; Classification number, CALL (RLIN) (NR) | 638.1 |
| Local cutter number (OCLC) ; Book number/undivided call number, CALL (RLIN) | AHM |
| 100 1# - MAIN ENTRY--PERSONAL NAME | |
| Personal name | Ahmed Lathiff |
| 9 (RLIN) | 4508 |
| 245 10 - TITLE STATEMENT | |
| Title | Madu lebah : |
| Remainder of title | penawar penyakit zahir & batin (Al-Quran sebagai penawar) / |
| Statement of responsibility, etc. | Ahmed Lathiff , Md. Firdaus |
| 260 ## - PUBLICATION, DISTRIBUTION, ETC. | |
| Place of publication, distribution, etc. | Kuala Lumpur : |
| Name of publisher, distributor, etc. | Darul Nu'man, |
| Date of publication, distribution, etc. | 1994 |
| 300 ## - PHYSICAL DESCRIPTION | |
| Extent | 199ms. : |
| Dimensions | 24cm. |
| 500 ## - GENERAL NOTE | |
| General note | Mengandungi ayat-ayat dari Qur'an |
| 504 ## - BIBLIOGRAPHY, ETC. NOTE | |
| Bibliography, etc. note | Bibliografi: ms. 199 |
| 650 10 - SUBJECT ADDED ENTRY--TOPICAL TERM | |
| Topical term or geographic name entry element | Honeybee |
| 9 (RLIN) | 5651 |
| 650 20 - SUBJECT ADDED ENTRY--TOPICAL TERM | |
| Topical term or geographic name entry element | Bee culture |
| 9 (RLIN) | 5652 |
| 700 0# - ADDED ENTRY--PERSONAL NAME | |
| Personal name | Md. Firdaus |
| 9 (RLIN) | 5653 |
| 942 ## - ADDED ENTRY ELEMENTS (KOHA) | |
| Source of classification or shelving scheme | |
| Koha item type | Book |
| Withdrawn status | Lost status | Source of classification or shelving scheme | Damaged status | Not for loan | Collection code | Home library | Current library | Shelving location | Date acquired | Inventory number | Total Checkouts | Full call number | Barcode | Date last seen | Price effective from | Koha item type |
|---|---|---|---|---|---|---|---|---|---|---|---|---|---|---|---|---|
| NON-FICTION | AKMAL Melaka | AKMAL Melaka | PINJAMAN | 17.05.2017 | 302109 | 638.1 AHM | 201703538 | 17.05.2017 | 17.05.2017 | Book |
